LEADER 00883cam2 22002531 450 001 SOBE00054222 005 20191120134913.0 100 $a20161213d2009 |||||ita|0103 ba 101 $aita 102 $aIT 200 0 $aVol. 2$fEvelina Borea 210 $aPisa$cEdizioni della Normale$d2009 215 $a1 volume (senza paginazione)$cin gran parte ill.$d28 cm 461 1$1001SOBE00054220$12001 $a<>specchio dell'arte italiana : stampe in cinque secoli / Evelina Borea 700 1$aBorea$b, Evelina$3AF00022202$4070$0210123 801 0$aIT$bUNISOB$c20191120$gRICA 850 $aUNISOB 852 $aUNISOB$j700$m167707 912 $aSOBE00054222 940 $aM 102 Monografia moderna SBN 941 $aW 957 $a700$b004948$i-2$gSI$d167707$racquisto$1catenacci$2UNISOB$3UNISOB$420161213101729.0$520191120134913.0$6Spinosa 996 $aVol. 2$91726896 997 $aUNISOB LEADER 01228nam 2200385 450 001 9910480347703321 010 $a0-309-46467-6 035 $a(CKB)3790000000550169 035 $a(MiAaPQ)EBC5193940 035 $a(EXLCZ)993790000000550169 100 $a20180117h20172017 uy 0 101 0 $aeng 135 $aurcnu|||||||| 181 $2rdacontent 182 $2rdamedia 183 $2rdacarrier 200 00$aEngineering societies and undergraduate education $eproceedings of a workshop /$fSteve Olson, rapporteur 210 1$aWashington, District of Columbia :$cThe National Academies Press,$d2017. 210 4$dİ2017 215 $a1 online resource (88 pages) $cillustrations 311 $a0-309-46466-8 606 $aEngineering$xStudy and teaching$vCongresses 606 $aEngineering$xProfessional guidance 608 $aElectronic books. 615 0$aEngineering$xStudy and teaching 615 0$aEngineering$xProfessional guidance. 676 $a620.00711 702 $aOlsen$b Steven 801 0$bMiAaPQ 801 1$bMiAaPQ 801 2$bMiAaPQ 906 $aBOOK 912 $a9910480347703321 996 $aEngineering societies and undergraduate education$92295131 997 $aUNINA